Taylor Swift Songs — Choose the Most Streamed - Statistics

General Stats
  • This quiz has been taken 32 times
  • The average score is 6 of 10
Answer Stats
Question Answer % Correct
Which of these collabs has the highest number of streams? exile (feat. Bon Iver) (2020)
85%
Which of these track fives has the highest number of streams? Delicate (2017)
78%
Which of these lead singles has the highest number of streams? Anti-Hero (2022)
70%
Which of these Billboard Hot 100 number-one songs has the highest number of streams? Blank Space (2014)
67%
Which of these tracks released in 2020 has the highest number of streams? my tears ricochet
67%
Which of these Taylor features has the highest number of streams? us. (Gracie Abrams) (2024)
67%
Which of these tracks from Midnights (2022) has the highest number of streams? You're Losing Me
52%
Which of these vault tracks from Red (Taylor's Version) (2021) has the highest number of streams? Nothing New
41%
Which of these tracks from Speak Now (Taylor's Version) (2023) has the highest number of streams? I Can See You
30%
Which of these tracks from THE TORTURED POETS DEPARTMENT (2024) has the highest number of streams? loml
15%
No matching quizzes found
Score Distribution
Percent of People with Each Score
Percentile by Number Answered
Your Score History
You have not taken this quiz